[Event "ITA-ch U20 83rd"]
[Site "Turin"]
[Date "2024.12.05"]
[Round "5"]
[White "Bettalli, Francesco"]
[Black "Cina, Vittorio"]
[Result "0-1"]
[WhiteElo "2359"]
[BlackElo "2325"]
[PlyCount "74"]
[EventDate "2024.12.01"]
[EventType "tourn"]
[EventRounds "7"]
[EventCountry "ITA"]
[EventCategory "2"]
[SourceTitle "CB50_2024"]
[SourceDate "2024.11.01"]
[SourceVersion "1"]
[SourceVersionDate "2024.11.01"]
[SourceQuality "2"]

1. d4 Nf6 2. c4 e6 3. Nc3 Bb4 4. e3 0-0 5. Bd2 d5 6. Nf3 dxc4 7. Bxc4 b6 8. Qe2 Bb7 9. Bd3 c5 10. dxc5 Nbd7 11. cxb6 axb6 12. 0-0 Bxf3 13. gxf3 Ne5 14. Bxh7+ Nxh7 15. Kh1 Qh4 16. f4 Nd7 17. Rg1 Nhf6 18. Rg5 Ra5 19. Rag1 Rxg5 20. Rxg5 Rc8 21. f3 g6 22. e4 Rc5 23. e5 Bxc3 24. bxc3 Nh5 25. Qe3 Qh3 26. Qe2 b5 27. Kg1 Qh4 28. Qe3 Rc4 29. f5 Nf4 30. Rg3 exf5 31. e6 fxe6 32. Rxg6+ Nxg6 33. Qxe6+ Kg7 34. Qxd7+ Qe7 35. Qxb5 Qc5+ 36. Qxc5 Rxc5 37. Be3 Ra5 0-1